[Event "Poronin Tatra Limba op-B"]
[Site "Poronin"]
[Date "2021.05.24"]
[Round "3.3"]
[White "Jozefik, Aleksander"]
[Black "Nowak, Adam"]
[Result "1-0"]
[WhiteElo "1568"]
[BlackElo "1385"]
[PlyCount "99"]
[EventDate "2021.05.22"]
[EventType "swiss"]
[EventRounds "9"]
[EventCountry "POL"]
[SourceTitle "EXT 2022"]
[Source "ChessBase"]
[SourceDate "2021.10.06"]
[SourceVersion "1"]
[SourceVersionDate "2021.10.06"]
[SourceQuality "1"]

1. e4 d6 2. d4 Nf6 3. Nc3 g6 4. Be3 c6 5. Qd2 b5 6. f3 Qa5 7. 0-0-0 b4 8. Nb1 Qxa2 9. Qxb4 Na6 10. Qc3 Bd7 11. Bc4 Qa1 12. e5 Nd5 13. Bxd5 cxd5 14. exd6 Rc8 15. Qa3 Qxa3 16. Nxa3 e6 17. Bf4 f6 18. Ne2 Nb4 19. Kb1 a6 20. Rhe1 Kf7 21. Nc1 g5 22. Bg3 Ba4 23. Rd2 Bh6 24. Rde2 Bd7 25. c3 Nc6 26. Nd3 Nb8 27. Nc5 Rhe8 28. Nc2 a5 29. Ne3 Bf8 30. b3 Rc6 31. Nxd7 Nxd7 32. Nxd5 Bxd6 33. Bxd6 Rxd6 34. Nc7 Rc8 35. Nxe6 Rxc3 36. Nd8+ Kg6 37. Kb2 Rc8 38. Ne6 Rb6 39. Re3 a4 40. Rd3 Rcb8 41. Ree3 f5 42. f4 g4 43. Nc5 Nxc5 44. dxc5 Rb5 45. c6 Rc5 46. Rd6+ Kh5 47. Ka3 axb3 48. Ree6 Ra5+ 49. Kb2 Ra2+ 50. Kb1 1-0

[Event "Polanica Zdroj op-B 56th"]
[Site "Polanica Zdroj"]
[Date "2020.08.22"]
[Round "8"]
[White "Solek, Zenon"]
[Black "Nowak, Adam"]
[Result "1-0"]
[WhiteElo "1801"]
[BlackElo "1335"]
[PlyCount "91"]
[EventDate "2020.08.15"]
[EventType "swiss"]
[EventRounds "9"]
[EventCountry "POL"]
[SourceTitle "CBM 198 Extra"]
[Source "ChessBase"]
[SourceDate "2020.11.30"]
[SourceVersion "1"]
[SourceVersionDate "2020.11.30"]
[SourceQuality "1"]

1. e4 d6 2. d4 Nf6 3. Nc3 g6 4. Bd3 Bg7 5. Nge2 Nc6 6. a3 0-0 7. 0-0 e5 8. d5 Nb8 9. f4 exf4 10. Nxf4 Nbd7 11. Be3 Ne5 12. Be2 Nfg4 13. Bd4 a6 14. h3 Nh6 15. Qd2 Qe7 16. Be3 Qh4 17. g3 Qxg3+ 18. Kh1 Bxh3 19. Bf2 Nf3 20. Bxg3 Nxd2 21. Nxh3 Bxc3 22. bxc3 Nxe4 23. Be1 Nf5 24. Rf3 Nc5 25. Bd3 Ne7 26. c4 h6 27. Bd2 g5 28. Rf6 Nxd3 29. cxd3 Kg7 30. Bc3 Ng8 31. Rxd6+ f6 32. Re6 Kg6 33. Rb1 b5 34. Nf2 bxc4 35. dxc4 Rfb8 36. Rxb8 Rxb8 37. Rxa6 Rb1+ 38. Kg2 Kf5 39. Rc6 Rb3 40. Bb4 g4 41. Rxc7 h5 42. Rh7 g3 43. Rg7 h4 44. Rxg8 Rb2 45. Rxg3 hxg3 46. Kxg3 1-0

[Event "CP-2019-Q-00008"]
[Site "LSS email"]
[Date "2019.11.27"]
[Round "?"]
[White "Markus, Roland"]
[Black "Nowak, Adam"]
[Result "1/2-1/2"]
[WhiteElo "2397"]
[BlackElo "2260"]
[PlyCount "94"]
[EventDate "2019.12.01"]
[EventType "tourn (corr)"]
[EventRounds "6"]
[EventCountry "GER"]
[SourceTitle "Corr 2022"]
[Source "ChessBase"]
[SourceDate "2021.10.24"]
[SourceVersion "1"]
[SourceVersionDate "2021.10.24"]
[SourceQuality "1"]

1. e4 c5 2. Nf3 Nc6 3. Bb5 g6 4. 0-0 Bg7 5. Re1 Nf6 6. e5 Nd5 7. Nc3 Nc7 8. Bxc6 dxc6 9. Ne4 b6 10. d3 0-0 11. h3 Be6 12. b3 a5 13. a4 f5 14. exf6 exf6 15. Bb2 Bf7 16. Qd2 Re8 17. Rab1 h6 18. h4 Nd5 19. Rbd1 Ra7 20. Ng3 Rae7 21. Re4 Nb4 22. h5 g5 23. Qc1 Qd7 24. Rd2 Re6 25. Rd1 R6e7 26. Rd2 Nd5 27. Qa1 Re6 28. Rxe6 Qxe6 29. Re2 Qd6 30. Rxe8+ Bxe8 31. Nd2 Qf4 32. Nde4 Nb4 33. Qd1 Bd7 34. c3 Na6 35. c4 Bg4 36. f3 f5 37. Bc1 Qe5 38. fxg4 fxe4 39. Nf5 exd3 40. Bd2 Qb2 41. Qe1 Nc7 42. Kh2 Qe5+ 43. Qxe5 Bxe5+ 44. Kg1 Bf4 45. Bxf4 gxf4 46. Kf1 Kh7 47. Ke1 Ne6 1/2-1/2

[Event "WC-2019-Q-00001"]
[Site "LSS email"]
[Date "2019.08.28"]
[Round "?"]
[White "Ilyin, Igor"]
[Black "Nowak, Adam"]
[Result "1/2-1/2"]
[WhiteElo "1969"]
[BlackElo "2273"]
[PlyCount "93"]
[EventDate "2019.09.01"]
[EventType "tourn (corr)"]
[EventRounds "12"]
[EventCountry "GER"]
[SourceTitle "Corr 2022"]
[Source "ChessBase"]
[SourceDate "2021.10.24"]
[SourceVersion "1"]
[SourceVersionDate "2021.10.24"]
[SourceQuality "1"]

1. d4 d5 2. c4 c6 3. Nf3 Nf6 4. Nc3 e6 5. Bg5 Nbd7 6. e3 Be7 7. Bd3 0-0 8. 0-0 h6 9. Bf4 dxc4 10. Bxc4 Nh5 11. Be5 Nhf6 12. Bb3 Nxe5 13. Nxe5 c5 14. Qd3 b6 15. Ne4 Qc7 16. Bc2 g6 17. Nc3 Kg7 18. Nb5 Qb7 19. Bd1 Nd5 20. Bf3 a6 21. Nc3 Rd8 22. Be4 Bf6 23. f4 Ra7 24. Rac1 Qc7 25. b3 Bb7 26. Nxd5 Bxd5 27. Ng4 Be7 28. dxc5 bxc5 29. Bxd5 Rxd5 30. Qc3+ f6 31. Nf2 Qb6 32. e4 Rd4 33. f5 c4 34. Qf3 exf5 35. exf5 Qb7 36. Qc3 Bc5 37. fxg6 Rg4 38. Qh3 Rf4 39. Qg3 Qe4 40. Rxc4 Bd4 41. h3 h5 42. Rd1 Qe5 43. Qxf4 Qxf4 44. Rcxd4 Qg3 45. Ne4 Qe5 46. Nd6 Kxg6 47. Rd5 1/2-1/2

[Event "WC-2019-Q-00001"]
[Site "LSS email"]
[Date "2019.08.28"]
[Round "?"]
[White "Nowak, Adam"]
[Black "Podvoysky, Evgeny"]
[Result "1/2-1/2"]
[WhiteElo "2273"]
[BlackElo "2331"]
[PlyCount "72"]
[EventDate "2019.09.01"]
[EventType "tourn (corr)"]
[EventRounds "12"]
[EventCountry "GER"]
[SourceTitle "Corr 2022"]
[Source "ChessBase"]
[SourceDate "2021.10.24"]
[SourceVersion "1"]
[SourceVersionDate "2021.10.24"]
[SourceQuality "1"]

1. d4 Nf6 2. c4 g6 3. Nc3 Bg7 4. e4 d6 5. h3 0-0 6. Nf3 e5 7. d5 Nh5 8. g3 a5 9. Be2 Na6 10. Nh2 Nf6 11. Ng4 Nd7 12. Nh6+ Kh8 13. h4 Ndc5 14. g4 f5 15. Bg5 Bf6 16. gxf5 gxf5 17. Qd2 Nb4 18. exf5 Bxf5 19. Nxf5 Bxg5 20. hxg5 Rxf5 21. g6 Qg5 22. Rxh7+ Kg8 23. Qxg5 Rxg5 24. 0-0-0 Rf8 25. Rxc7 Rxg6 26. f3 Rg2 27. Kb1 Rf7 28. Rxc5 dxc5 29. a3 Rh2 30. Re1 Na6 31. Bd1 Rf4 32. Ne4 Nb8 33. d6 b6 34. Rg1+ Kf8 35. Ka2 Rf7 36. Ba4 Rg7 1/2-1/2

[Event "CP-2019-S-00001"]
[Site "LSS email"]
[Date "2019.02.09"]
[Round "?"]
[White "Nowak, Adam"]
[Black "Misericordia, Antonio"]
[Result "1/2-1/2"]
[WhiteElo "2278"]
[BlackElo "2367"]
[PlyCount "70"]
[EventDate "2019.02.15"]
[EventType "tourn (corr)"]
[EventRounds "7"]
[EventCountry "GER"]
[SourceTitle "Corr 2022"]
[Source "ChessBase"]
[SourceDate "2021.10.24"]
[SourceVersion "1"]
[SourceVersionDate "2021.10.24"]
[SourceQuality "1"]

1. e4 c5 2. Nf3 d6 3. d4 cxd4 4. Nxd4 Nf6 5. Nc3 a6 6. Be2 e5 7. Nb3 Be7 8. 0-0 0-0 9. Be3 Be6 10. Qd2 Nbd7 11. a4 Re8 12. a5 Rc8 13. f3 Qc7 14. Kh1 h6 15. Rfd1 Red8 16. Bf2 Kf8 17. Nc1 Kg8 18. Qe1 Nc5 19. Bh4 Ncd7 20. Bf1 Re8 21. Bf2 h5 22. Nd3 d5 23. exd5 Nxd5 24. Nxd5 Bxd5 25. Nxe5 Nf6 26. c4 Bd6 27. cxd5 Rxe5 28. Qc3 Qxc3 29. bxc3 Rxd5 30. c4 Rxd1 31. Rxd1 Bc5 32. Be1 b6 33. axb6 Bxb6 34. Ra1 Ra8 35. Ba5 Bd4 1/2-1/2

[Event "CP-2019-S-00001"]
[Site "LSS email"]
[Date "2019.02.09"]
[Round "?"]
[White "Pilgram, Kurt"]
[Black "Nowak, Adam"]
[Result "1/2-1/2"]
[WhiteElo "2190"]
[BlackElo "2278"]
[PlyCount "77"]
[EventDate "2019.02.15"]
[EventType "tourn (corr)"]
[EventRounds "7"]
[EventCountry "GER"]
[SourceTitle "Corr 2022"]
[Source "ChessBase"]
[SourceDate "2021.10.24"]
[SourceVersion "1"]
[SourceVersionDate "2021.10.24"]
[SourceQuality "1"]

1. d4 d5 2. Nf3 Nf6 3. c3 c5 4. e3 e6 5. Nbd2 Nbd7 6. Bd3 b6 7. Qe2 Bb7 8. b3 Bd6 9. Bb2 0-0 10. 0-0 Re8 11. Rfd1 Qc7 12. Ba6 Rac8 13. Bxb7 Qxb7 14. c4 Be7 15. h3 Red8 16. Rac1 h6 17. dxc5 bxc5 18. Nf1 Bd6 19. N1h2 Be7 20. Ne5 Ne4 21. Nf1 a5 22. Nd2 Nxd2 23. Rxd2 Nf6 24. Rdc2 a4 25. bxa4 Qa8 26. Rc3 Rc7 27. R3c2 Qxa4 28. Nd3 Rcc8 29. Ba1 Ne4 30. cxd5 exd5 31. Qg4 Bf8 32. Bd4 c4 33. Nf4 Qc6 34. Rb2 Rb8 35. Rxb8 Rxb8 36. Nh5 Qe6 37. a4 Ra8 38. Nf4 Qc6 39. Nh5 1/2-1/2

[Event "CP-2018-P-00028"]
[Site "LSS email"]
[Date "2018.09.27"]
[Round "?"]
[White "Nowak, Adam"]
[Black "Schroeder, Christoph"]
[Result "1/2-1/2"]
[WhiteElo "2270"]
[BlackElo "2335"]
[PlyCount "139"]
[EventDate "2018.10.01"]
[EventType "tourn (corr)"]
[EventRounds "6"]
[EventCountry "GER"]
[SourceTitle "Corr 2022"]
[Source "ChessBase"]
[SourceDate "2021.10.24"]
[SourceVersion "1"]
[SourceVersionDate "2021.10.24"]
[SourceQuality "1"]

1. d4 Nf6 2. c4 e6 3. Nf3 d5 4. Nc3 dxc4 5. e4 Bb4 6. Bg5 c5 7. Bxc4 cxd4 8. Nxd4 Bxc3+ 9. bxc3 Qa5 10. Bxf6 Qxc3+ 11. Kf1 gxf6 12. Rc1 Qa5 13. h4 Ke7 14. Rh3 Nc6 15. Nxc6+ bxc6 16. Rd3 Rd8 17. e5 fxe5 18. Rxd8 Qxd8 19. Qe2 Qd4 20. Rd1 Qxh4 21. Kg1 Kf6 22. Qd3 Kg7 23. Qc3 Qf4 24. Rd3 c5 25. Rf3 Qd4 26. Qc1 e4 27. Qg5+ Kf8 28. Rh3 Qd1+ 29. Kh2 Qd6+ 30. g3 Qd4 31. Rxh7 Qxf2+ 32. Kh1 Qf3+ 33. Kg1 Qd1+ 34. Kh2 Qc2+ 35. Kh3 e5+ 36. g4 Qc3+ 37. Bd3 Qxd3+ 38. Kh4 Ke8 39. Rh8+ Kd7 40. Rd8+ Kc6 41. Rxd3 exd3 42. Qxe5 Be6 43. Qe4+ Bd5 44. Qxd3 c4 45. Qa3 Be6 46. Qf3+ Bd5 47. Qf6+ Be6 48. g5 Kd6 49. Qf4+ Kd7 50. Qd4+ Ke7 51. Qc5+ Kd7 52. Qb5+ Kd6 53. Qb4+ Ke5 54. Qe1+ Kd6 55. Qd2+ Kc5 56. Kg3 Rc8 57. Kf2 a6 58. Ke1 Rc6 59. a3 Kb6 60. Qb4+ Kc7 61. Kd1 c3 62. Kc1 Kc8 63. Qe4 Kc7 64. Qf4+ Kc8 65. Qe4 Kc7 66. Qe5+ Kc8 67. Qf6 Kd7 68. Qe5 Kc8 69. Qf6 Kd7 70. Qe5 1/2-1/2

[Event "CP-2017-Q-00011"]
[Site "LSS email"]
[Date "2017.11.19"]
[Round "?"]
[White "Boni, Roberto"]
[Black "Nowak, Adam"]
[Result "1/2-1/2"]
[WhiteElo "1998"]
[BlackElo "2233"]
[PlyCount "97"]
[EventDate "2017.11.25"]
[EventType "tourn (corr)"]
[EventRounds "6"]
[EventCountry "GER"]
[SourceTitle "Corr 2022"]
[Source "ChessBase"]
[SourceDate "2021.10.24"]
[SourceVersion "1"]
[SourceVersionDate "2021.10.24"]
[SourceQuality "1"]

1. e4 c5 2. Nf3 d6 3. Bb5+ Bd7 4. Bxd7+ Nxd7 5. 0-0 Ngf6 6. d3 e6 7. Nc3 Be7 8. Qe2 0-0 9. Rd1 a6 10. h3 b5 11. Re1 h6 12. b3 Qb6 13. Bb2 Rfd8 14. a4 Ne8 15. Nd1 Bf6 16. Bxf6 Nexf6 17. Ne3 Qb7 18. Nd2 Ne5 19. f4 Nc6 20. f5 Rf8 21. Qf2 Qc7 22. Nf3 Rac8 23. Qg3 Rfe8 24. axb5 axb5 25. fxe6 fxe6 26. Qg6 Qd7 27. Ra6 Ra8 28. Rea1 Rxa6 29. Rxa6 Rd8 30. Ng4 Nxg4 31. hxg4 Nb4 32. g5 Qf7 33. Qxf7+ Kxf7 34. Ra7+ Kg6 35. gxh6 gxh6 36. Ne1 Nc6 37. Rc7 Nd4 38. e5 d5 39. Rxc5 Rf8 40. Nf3 Nxf3+ 41. gxf3 Rxf3 42. Rxb5 Kf5 43. Rb4 Rh3 44. Rb7 Kxe5 45. Kg2 Re3 46. Kf2 Rh3 47. Kg2 Re3 48. Kf2 Rh3 49. Kg2 1/2-1/2

[Event "WC-2017-S-00006"]
[Site "LSS email"]
[Date "2017.05.17"]
[Round "?"]
[White "Bulgarini Torres, Marco"]
[Black "Nowak, Adam"]
[Result "1/2-1/2"]
[WhiteElo "2192"]
[BlackElo "2215"]
[PlyCount "93"]
[EventDate "2017.06.01"]
[EventType "tourn (corr)"]
[EventRounds "12"]
[EventCountry "GER"]
[SourceTitle "Corr 2024"]
[Source "ChessBase"]
[SourceDate "2023.10.19"]
[SourceVersion "1"]
[SourceVersionDate "2023.10.19"]
[SourceQuality "1"]

1. e4 e5 2. Nc3 Nf6 3. g3 Bc5 4. Bg2 0-0 5. Nge2 Nc6 6. 0-0 a5 7. d3 d6 8. h3 h6 9. Kh2 a4 10. f4 Bd7 11. a3 Re8 12. Rb1 Ra6 13. f5 Nd4 14. Nxd4 exd4 15. Nd5 c6 16. Nxf6+ Qxf6 17. Bf4 d5 18. Qd2 Bf8 19. c3 dxc3 20. bxc3 b5 21. Ra1 c5 22. exd5 Bxf5 23. g4 Bd7 24. Bg3 Qg5 25. Bf4 Qg6 26. Bg3 Bd6 27. Bxd6 Qxd6+ 28. Kg1 Rc8 29. Be4 c4 30. d4 Re8 31. Bg2 Kf8 32. Qf4 Qxf4 33. Rxf4 Ke7 34. Kf2 f6 35. Re4+ Kd6 36. Rxe8 Bxe8 37. h4 Ra7 38. h5 Rf7 39. Be4 Bd7 40. Bf3 Re7 41. Rh1 Be8 42. Ra1 Bf7 43. Rb1 Rb7 44. Ke3 Bxd5 45. Bxd5 Kxd5 46. Kf4 Kc6 47. Re1 1/2-1/2

[Event "WC-2017-S-00006"]
[Site "LSS email"]
[Date "2017.05.17"]
[Round "?"]
[White "Mroczek, Jacek"]
[Black "Nowak, Adam"]
[Result "1/2-1/2"]
[WhiteElo "2227"]
[BlackElo "2215"]
[PlyCount "45"]
[EventDate "2017.06.01"]
[EventType "tourn (corr)"]
[EventRounds "12"]
[EventCountry "GER"]
[SourceTitle "Corr 2024"]
[Source "ChessBase"]
[SourceDate "2023.10.19"]
[SourceVersion "1"]
[SourceVersionDate "2023.10.19"]
[SourceQuality "1"]

1. d4 d5 2. c4 c6 3. Nf3 Nf6 4. Nc3 e6 5. Bg5 h6 6. Bh4 dxc4 7. e4 g5 8. Bg3 b5 9. Be2 Bb7 10. 0-0 Nbd7 11. Ne5 Bg7 12. Nxf7 Kxf7 13. f4 Kg8 14. e5 Nd5 15. Nxd5 cxd5 16. Bh5 Rh7 17. fxg5 hxg5 18. Qg4 Nf8 19. h4 Bc6 20. hxg5 Be8 21. g6 Rh6 22. Bh4 Qc8 23. Rxf8+ 1/2-1/2

[Event "WC-2017-S-00006"]
[Site "LSS email"]
[Date "2017.05.17"]
[Round "?"]
[White "Nowak, Adam"]
[Black "Koch, Christian"]
[Result "1/2-1/2"]
[WhiteElo "2215"]
[BlackElo "2225"]
[PlyCount "62"]
[EventDate "2017.06.01"]
[EventType "tourn (corr)"]
[EventRounds "12"]
[EventCountry "GER"]
[SourceTitle "Corr 2024"]
[Source "ChessBase"]
[SourceDate "2023.10.19"]
[SourceVersion "1"]
[SourceVersionDate "2023.10.19"]
[SourceQuality "1"]

1. d4 Nf6 2. c4 e6 3. Nf3 d5 4. g3 dxc4 5. Bg2 a6 6. 0-0 Nc6 7. e3 Bd7 8. Qe2 Bd6 9. Qxc4 0-0 10. Rd1 Rb8 11. b3 e5 12. Bb2 exd4 13. Nxd4 Nxd4 14. Bxd4 b5 15. Qc2 Bg4 16. f3 Be6 17. Nc3 Qe7 18. e4 Rfd8 19. Kh1 c5 20. Bxf6 Qxf6 21. f4 Bf8 22. e5 Bf5 23. Be4 Qc6 24. Qg2 Qe6 25. Bxf5 Qxf5 26. Qe4 Qxe4+ 27. Nxe4 c4 28. Kg2 Rdc8 29. Rdc1 a5 30. Kf3 Ba3 31. Rc2 Kf8 1/2-1/2

[Event "WC-2017-S-00006"]
[Site "LSS email"]
[Date "2017.05.17"]
[Round "?"]
[White "Nowak, Adam"]
[Black "Kopasov, Evgeny"]
[Result "1/2-1/2"]
[WhiteElo "2215"]
[BlackElo "2190"]
[PlyCount "44"]
[EventDate "2017.06.01"]
[EventType "tourn (corr)"]
[EventRounds "12"]
[EventCountry "GER"]
[SourceTitle "Corr 2024"]
[Source "ChessBase"]
[SourceDate "2023.10.19"]
[SourceVersion "1"]
[SourceVersionDate "2023.10.19"]
[SourceQuality "1"]

1. d4 d5 2. c4 e6 3. Nf3 c6 4. Nc3 dxc4 5. Bg5 Be7 6. Bxe7 Nxe7 7. a4 Nd5 8. a5 c5 9. e4 cxd4 10. Nxd5 exd5 11. Qxd4 0-0 12. Qxd5 Be6 13. Qxd8 Rxd8 14. Ng5 Rd4 15. Rd1 Rxd1+ 16. Kxd1 b5 17. axb6 axb6 18. Kc2 Ra1 19. Nxe6 fxe6 20. g3 Re1 21. Kd2 Rb1 22. Kc2 Re1 1/2-1/2

[Event "WC-2017-S-00006"]
[Site "LSS email"]
[Date "2017.05.17"]
[Round "?"]
[White "Nowak, Adam"]
[Black "Teverovski, Bogoljub"]
[Result "1-0"]
[WhiteElo "2215"]
[BlackElo "2202"]
[PlyCount "133"]
[EventDate "2017.06.01"]
[EventType "tourn (corr)"]
[EventRounds "12"]
[EventCountry "GER"]
[SourceTitle "Corr 2024"]
[Source "ChessBase"]
[SourceDate "2023.10.19"]
[SourceVersion "1"]
[SourceVersionDate "2023.10.19"]
[SourceQuality "1"]

1. d4 d5 2. c4 e6 3. Nf3 a6 4. Bg5 Be7 5. Bxe7 Qxe7 6. Nbd2 Nf6 7. Rc1 0-0 8. e3 Nbd7 9. cxd5 e5 10. dxe5 Nxe5 11. Nxe5 Qxe5 12. Nc4 Qf5 13. d6 Rd8 14. Bd3 Qc5 15. 0-0 Be6 16. Be2 Rac8 17. a3 cxd6 18. Re1 Rc7 19. Nd2 Qb6 20. Rxc7 Qxc7 21. Nf3 Rc8 22. Nd4 g6 23. Bf3 Nd7 24. h4 Ne5 25. h5 Qb6 26. h6 d5 27. Qd2 Qd8 28. Be2 Bg4 29. f3 Bd7 30. Qb4 Nc6 31. Nxc6 Bxc6 32. Qf4 Qe7 33. Rc1 f6 34. Qd4 Qe5 35. Qb6 Re8 36. Kf2 f5 37. f4 Qf6 38. Bxa6 Qh4+ 39. Kg1 Qg3 40. Bf1 Qxe3+ 41. Qxe3 Rxe3 42. b4 Rb3 43. Rc5 Rb1 44. b5 Be8 45. Rxd5 Kf7 46. Rc5 Ke6 47. Kf2 Rb2+ 48. Kg3 Rb3+ 49. Kh4 Kd6 50. Rc8 Re3 51. Kg5 Kd7 52. Rb8 Kc7 53. Ra8 Kd7 54. Kf6 g5 55. fxg5 Bg6 56. Bc4 f4 57. a4 Kd6 58. Rd8+ Kc7 59. Rd4 Re8 60. Bd3 Rf8+ 61. Kg7 Rf7+ 62. Kg8 Bxd3 63. Kxf7 Bg6+ 64. Kg7 f3 65. gxf3 Kb6 66. Rd6+ Kc7 67. Rxg6 1-0

[Event "WC-2017-S-00006"]
[Site "LSS email"]
[Date "2017.05.17"]
[Round "?"]
[White "Oliveira, Diogo"]
[Black "Nowak, Adam"]
[Result "1/2-1/2"]
[WhiteElo "2189"]
[BlackElo "2215"]
[PlyCount "73"]
[EventDate "2017.06.01"]
[EventType "tourn (corr)"]
[EventRounds "12"]
[EventCountry "GER"]
[SourceTitle "Corr 2024"]
[Source "ChessBase"]
[SourceDate "2023.10.19"]
[SourceVersion "1"]
[SourceVersionDate "2023.10.19"]
[SourceQuality "1"]

1. e4 e5 2. Nf3 Nf6 3. Nxe5 d6 4. Nf3 Nxe4 5. d4 d5 6. Bd3 Bd6 7. 0-0 0-0 8. Re1 Re8 9. c4 c6 10. Nc3 Nxc3 11. bxc3 Rxe1+ 12. Qxe1 h6 13. Qe3 Be6 14. c5 Bc7 15. Bc2 Nd7 16. Qd3 Nf8 17. Bd2 Qf6 18. Re1 b6 19. h3 bxc5 20. dxc5 Bd7 21. Be3 Re8 22. Rb1 a5 23. Nd4 Bc8 24. c4 dxc4 25. Qxc4 Re7 26. Qd3 Re5 27. Qc3 Re8 28. Ne2 Qe6 29. Re1 Ba6 30. a3 Qe5 31. Qxe5 Bxe5 32. Ng3 Ne6 33. Nf5 Kf8 34. Be4 Bb5 35. Nd6 Rd8 36. Nxb5 cxb5 37. c6 1/2-1/2

[Event "WC-2017-S-00006"]
[Site "LSS email"]
[Date "2017.05.17"]
[Round "?"]
[White "Sciarretta, Robert"]
[Black "Nowak, Adam"]
[Result "1/2-1/2"]
[WhiteElo "2199"]
[BlackElo "2215"]
[PlyCount "101"]
[EventDate "2017.06.01"]
[EventType "tourn (corr)"]
[EventRounds "12"]
[EventCountry "GER"]
[SourceTitle "Corr 2024"]
[Source "ChessBase"]
[SourceDate "2023.10.19"]
[SourceVersion "1"]
[SourceVersionDate "2023.10.19"]
[SourceQuality "1"]

1. d4 d5 2. c4 c6 3. Nf3 Nf6 4. e3 e6 5. Bd3 Nbd7 6. b3 Bd6 7. Bb2 0-0 8. 0-0 b6 9. Nbd2 Bb7 10. Ne5 Rc8 11. Qf3 Qc7 12. Qg3 c5 13. cxd5 cxd4 14. exd4 Bxd5 15. Ndc4 Be7 16. Ne3 Qb7 17. Rad1 Rfd8 18. Nxd5 Nxd5 19. Qh3 h6 20. Qf3 N7f6 21. Rc1 b5 22. h4 h5 23. a3 a6 24. g3 Bd6 25. Qe2 Rxc1 26. Rxc1 Ne7 27. Qf3 Ned5 28. Rc2 Rc8 29. Rxc8+ Qxc8 30. Qe2 Qe8 31. Qd2 g6 32. Qg5 Qe7 33. Qc1 Kg7 34. Qg5 Kg8 35. Qc1 Kg7 36. Be2 Ng8 37. Kg2 Qf8 38. a4 bxa4 39. bxa4 a5 40. Bf3 Nge7 41. Qc4 Bb4 42. Qb5 Qc8 43. Ba1 Kg8 44. Bb2 Kg7 45. Be4 Nf6 46. Bd3 Qa8+ 47. Kg1 Ned5 48. Qc4 Bd6 49. Qb5 Qa7 50. Nc4 Bb4 51. Ne5 1/2-1/2

[Event "WC-2017-P-00001"]
[Site "LSS email"]
[Date "2017.01.23"]
[Round "?"]
[White "Grammatica, Andrea"]
[Black "Nowak, Adam"]
[Result "0-1"]
[WhiteElo "2276"]
[BlackElo "2197"]
[PlyCount "136"]
[EventDate "2017.02.01"]
[EventType "tourn (corr)"]
[EventRounds "12"]
[EventCountry "GER"]
[SourceTitle "Corr 2022"]
[Source "ChessBase"]
[SourceDate "2021.10.24"]
[SourceVersion "1"]
[SourceVersionDate "2021.10.24"]
[SourceQuality "1"]

1. d4 d5 2. c4 c6 3. Nf3 Nf6 4. e3 Bf5 5. Nc3 e6 6. Nh4 Be4 7. f3 Bg6 8. Qb3 Qc7 9. Bd2 Be7 10. cxd5 cxd5 11. Nxg6 hxg6 12. 0-0-0 a6 13. Kb1 Nc6 14. Rc1 Rc8 15. Bd3 Na5 16. Qa4+ Nc6 17. h4 Qg3 18. Rcg1 Rxh4 19. Be1 Rxh1 20. Rxh1 Qxg2 21. Rh8+ Bf8 22. Qb3 Rb8 23. Qd1 Kd7 24. Bd2 Bb4 25. Rh1 Rc8 26. Rg1 Qf2 27. Rf1 Qg3 28. a3 Bxc3 29. Bxc3 Rh8 30. Qb3 Qb8 31. Bb4 Qc7 32. Bc5 Rh3 33. Bb6 Qb8 34. Ka2 g5 35. Bc5 Ke8 36. Rg1 Nd7 37. Rxg5 g6 38. Be2 Qc7 39. Rg1 Rh2 40. Re1 a5 41. e4 dxe4 42. fxe4 b6 43. d5 Nxc5 44. Qb5 Nxe4 45. dxc6 Nc5 46. Rd1 f5 47. Bf3 Ke7 48. Rg1 Kf6 49. Qc4 g5 50. Qc3+ e5 51. Qc1 Ne6 52. Bd5 Nf4 53. Rd1 Rh4 54. Qc3 Ne2 55. Qe1 Nd4 56. Kb1 b5 57. Qd2 g4 58. Rf1 f4 59. Be4 Kg5 60. Rc1 Rh8 61. Rg1 Rh3 62. Re1 g3 63. Qd3 b4 64. Qc4 Rh8 65. Rd1 bxa3 66. Qc5 Nxc6 67. Rd6 Qb8 68. Rg6+ Kh4 0-1

[Event "CP-2016-Q-00011"]
[Site "LSS email"]
[Date "2016.11.23"]
[Round "?"]
[White "Nowak, Adam"]
[Black "Broniek, Mariusz Maciej"]
[Result "1/2-1/2"]
[WhiteElo "2188"]
[BlackElo "2378"]
[PlyCount "90"]
[EventDate "2016.12.01"]
[EventType "tourn (corr)"]
[EventRounds "6"]
[EventCountry "GER"]
[SourceTitle "Corr 2022"]
[Source "ChessBase"]
[SourceDate "2021.10.24"]
[SourceVersion "1"]
[SourceVersionDate "2021.10.24"]
[SourceQuality "1"]

1. d4 d5 2. c4 c6 3. Nf3 Nf6 4. Nc3 e6 5. e3 Nbd7 6. Qc2 Bd6 7. Bd3 dxc4 8. Bxc4 0-0 9. 0-0 b5 10. Bd3 Bb7 11. Ng5 h6 12. Nge4 Be7 13. Rd1 Qb6 14. a4 a6 15. Nxf6+ Nxf6 16. h3 Rfb8 17. b3 c5 18. axb5 axb5 19. Rxa8 Bxa8 20. Bxb5 cxd4 21. Rxd4 Qb7 22. f3 Qb6 23. Rd3 Bd5 24. Qd1 Ra8 25. Bd2 Kh8 26. Qb1 Rc8 27. Qa2 Rc7 28. Bc4 Bxc4 29. bxc4 Qc6 30. Rd4 Rc8 31. Qa4 e5 32. Qxc6 Rxc6 33. Rd3 Rxc4 34. Kf2 Kh7 35. g4 Kg6 36. h4 h5 37. g5 Ne8 38. Kg3 f6 39. Nd5 Bd6 40. e4 Nc7 41. Nb6 Rc6 42. Nc4 Rxc4 43. Rxd6 Nb5 44. Rb6 Nd4 45. gxf6 gxf6 1/2-1/2

[Event "CP-2016-Q-00011"]
[Site "LSS email"]
[Date "2016.11.23"]
[Round "?"]
[White "Nowak, Adam"]
[Black "Konstantinov, Maxim"]
[Result "1/2-1/2"]
[WhiteElo "2188"]
[BlackElo "2446"]
[PlyCount "102"]
[EventDate "2016.12.01"]
[EventType "tourn (corr)"]
[EventRounds "6"]
[EventCountry "GER"]
[SourceTitle "Corr 2022"]
[Source "ChessBase"]
[SourceDate "2021.10.24"]
[SourceVersion "1"]
[SourceVersionDate "2021.10.24"]
[SourceQuality "1"]

1. d4 Nf6 2. c4 d6 3. Nc3 Nbd7 4. Nf3 g6 5. e4 e5 6. Be2 Bg7 7. 0-0 0-0 8. Qc2 c6 9. d5 c5 10. Ne1 Kh8 11. Bg5 h6 12. Bd2 Ng8 13. f3 Ne7 14. Nd3 f5 15. a4 a5 16. exf5 Nxf5 17. Nf2 g5 18. Qd1 Nf6 19. Bd3 Nd4 20. Nb5 Qe7 21. Bc3 Ra6 22. Bg6 Rg8 23. Qd3 Bf8 24. Bxd4 cxd4 25. Bf5 Ra8 26. b3 Bd7 27. Rae1 Qg7 28. Be6 Bxe6 29. dxe6 Rc8 30. Ne4 Nxe4 31. Qxe4 Qe7 32. g3 Bg7 33. Kh1 Rcd8 34. Qd5 Rge8 35. Kg2 Rf8 36. Rh1 Bf6 37. Re2 Rg8 38. Rf1 Rg6 39. Qe4 Rg7 40. Rg1 h5 41. Rf1 Qe8 42. Kf2 b6 43. Kg1 Qg6 44. Kh1 Kh7 45. Qc6 g4 46. Ref2 gxf3 47. Qxf3 Be7 48. Qf5 h4 49. Kg2 Qxf5 50. Rxf5 hxg3 51. hxg3 Kg6 1/2-1/2

[Event "CP-2016-P-00027"]
[Site "LSS email"]
[Date "2016.09.27"]
[Round "?"]
[White "Linart, Ludvik"]
[Black "Nowak, Adam"]
[Result "0-1"]
[WhiteElo "1714"]
[BlackElo "2172"]
[PlyCount "76"]
[EventDate "2016.10.01"]
[EventType "tourn (corr)"]
[EventRounds "6"]
[EventCountry "GER"]
[SourceTitle "Corr 2022"]
[Source "ChessBase"]
[SourceDate "2021.10.24"]
[SourceVersion "1"]
[SourceVersionDate "2021.10.24"]
[SourceQuality "1"]

1. d4 d5 2. c4 c6 3. Nf3 Nf6 4. e3 Bf5 5. Nc3 e6 6. Nh4 Be4 7. f3 Bg6 8. Be2 Nbd7 9. cxd5 cxd5 10. Qb3 Qc7 11. Bd2 Rc8 12. 0-0 Bd6 13. h3 a6 14. Rac1 Qb8 15. Nxg6 hxg6 16. Bd3 0-0 17. Rc2 Rc6 18. Rfc1 Rb6 19. Qa4 Rc6 20. Ne2 Rxc2 21. Qxc2 e5 22. b4 b5 23. Qd1 Nb6 24. dxe5 Bxe5 25. Rc2 Re8 26. Qc1 Nc4 27. a4 Nh5 28. axb5 axb5 29. Bxc4 dxc4 30. Bc3 Qb6 31. Qd2 Bxc3 32. Rxc3 Rd8 33. Qe1 Nf6 34. Ra3 Nd5 35. Qd2 Nf4 36. Nd4 Ne6 37. Kf1 Nxd4 38. exd4 Rxd4 0-1